[Event "Gibtelecom AmatWk2 7th"]
[Site "Gibraltar"]
[Date "2009.02.03"]
[Round "3.5"]
[White "Garcia, Mario"]
[Black "Kennedy, Philip J"]
[Result "1-0"]
[WhiteElo "1663"]
[BlackElo "1752"]
[PlyCount "179"]
[EventDate "2009.02.01"]
[EventType "swiss"]
[EventRounds "5"]
[EventCountry "GGB"]
[SourceTitle "BritBase"]
[Source "www.saund.co.uk"]
[SourceDate "2018.02.10"]
[SourceVersion "1"]
[SourceVersionDate "2018.02.10"]
[SourceQuality "1"]

1. d4 d5 2. c4 e6 3. Nc3 c5 4. e3 Nf6 5. Nf3 Nc6 6. Bd3 a6 7. a3 dxc4 8. Bxc4
b5 9. Be2 Bb7 10. dxc5 Bxc5 11. O-O O-O 12. b4 Be7 13. Bb2 Rc8 14. Rc1 Qb6 15.
Qb3 Rfd8 16. Rfd1 h6 17. h3 Rxd1+ 18. Rxd1 Rd8 19. Rxd8+ Qxd8 20. Qd1 Qxd1+ 21.
Bxd1 e5 22. Ne2 Bd6 23. Bc2 Kf8 24. Ng3 Nd7 25. Nd2 g6 26. Kf1 Ne7 27. Be4 Nd5
28. Bc2 N5b6 29. Nge4 Bc7 30. f3 Ke7 31. Ke2 Nd5 32. Nb3 f5 33. Nec5 Nxc5 34.
Nxc5 Bc8 35. Bb3 Kd6 36. g3 Nf6 37. f4 Nd7 38. Nxd7 Kxd7 39. fxe5 Bb7 40. Bf7
g5 41. Kf2 Ke7 42. Bb3 Be4 43. g4 f4 44. exf4 gxf4 45. Bd4 Kf8 46. Be6 Bb7 47.
Bf5 Bc6 48. Bc5+ Kf7 49. e6+ Kf6 50. e7 Be8 51. Kf3 Bc6+ 52. Be4 Be8 53. h4 Be5
54. Bd5 Bc7 55. h5 Kg5 56. Be4 Bd7 57. Bf5 Bc6+ 58. Kf2 a5 59. Bg6 axb4 60.
axb4 Kxg4 61. e8=Q Bxe8 62. Bxe8 Bd8 63. Bd6 Bh4+ 64. Kf1 Bf6 65. Bxb5 Kxh5 66.
Bxf4 Bc3 67. Be2+ Kg6 68. b5 Bd4 69. Kg2 Kf5 70. Bc7 Ke6 71. Bg4+ Ke7 72. Kf3
Ke8 73. Ke4 Bg1 74. Kd5 h5 75. Bh3 Bf2 76. Ke6 h4 77. b6 Bxb6 78. Bxb6 Kf8 79.
Bd8 Kg7 80. Bxh4 Kg6 81. Bg4 Kg7 82. Bh5 Kh6 83. Be8 Kg7 84. Ke7 Kh6 85. Kf6
Kh7 86. Bg5 Kg8 87. Kg6 Kf8 88. Bd7 Kg8 89. Be7 Kh8 90. Bd6 1-0

[Event "Gibtelecom AmatWk2 7th"]
[Site "Gibraltar"]
[Date "2009.02.03"]
[Round "3.6"]
[White "Livesey, R Nigel"]
[Black "Naldrett, Geoffrey William"]
[Result "1/2-1/2"]
[WhiteElo "1744"]
[BlackElo "1600"]
[PlyCount "33"]
[EventDate "2009.02.01"]
[EventType "swiss"]
[EventRounds "5"]
[EventCountry "GGB"]
[SourceTitle "BritBase"]
[Source "www.saund.co.uk"]
[SourceDate "2018.02.10"]
[SourceVersion "1"]
[SourceVersionDate "2018.02.10"]
[SourceQuality "1"]

1. c4 e5 2. g3 Nf6 3. Bg2 c6 4. d4 exd4 5. Qxd4 Na6 6. Nc3 Bc5 7. Qd1 O-O 8.
Nh3 Bb4 9. Bd2 d6 10. O-O Be6 11. b3 d5 12. cxd5 Nxd5 13. Nxd5 Bxd5 14. Be3
Bxg2 15. Kxg2 Bc5 16. Bxc5 Nxc5 17. Nf4 1/2-1/2

[Event "Gibtelecom AmatWk2 7th"]
[Site "Gibraltar"]
[Date "2009.02.03"]
[Round "3.7"]
[White "O'Connell, Denis"]
[Black "Rough, Robert E"]
[Result "1/2-1/2"]
[WhiteElo "1698"]
[BlackElo "1607"]
[PlyCount "61"]
[EventDate "2009.02.01"]
[EventType "swiss"]
[EventRounds "5"]
[EventCountry "GGB"]
[SourceTitle "BritBase"]
[Source "www.saund.co.uk"]
[SourceDate "2018.02.10"]
[SourceVersion "1"]
[SourceVersionDate "2018.02.10"]
[SourceQuality "1"]

1. e4 e5 2. d4 exd4 3. c3 d6 4. Bc4 Nf6 5. cxd4 Be7 6. Nc3 O-O 7. h3 Nxe4 8.
Bd3 Nf6 9. Nf3 d5 10. O-O h6 11. Bf4 c6 12. Qc2 Nbd7 13. Rfe1 Re8 14. Ne2 Nf8
15. Ne5 Be6 16. g4 Qc8 17. Ng3 N6d7 18. Nh5 Nxe5 19. Bxe5 f6 20. Bg3 Bf7 21.
Nf4 Bb4 22. Rxe8 Qxe8 23. Kg2 Bd6 24. Qd2 Qd7 25. Re1 Re8 26. Rg1 Qe7 27. a3 c5
28. dxc5 Bxc5 29. b4 Bd6 30. Rc1 Rd8 31. Qc2 1/2-1/2

[Event "Gibtelecom AmatWk2 7th"]
[Site "Gibraltar"]
[Date "2009.02.03"]
[Round "3.8"]
[White "Izzard, Brian J"]
[Black "Hermes, Geoff R"]
[Result "1/2-1/2"]
[WhiteElo "1608"]
[BlackElo "1616"]
[PlyCount "44"]
[EventDate "2009.02.01"]
[EventType "swiss"]
[EventRounds "5"]
[EventCountry "GGB"]
[SourceTitle "BritBase"]
[Source "www.saund.co.uk"]
[SourceDate "2018.02.10"]
[SourceVersion "1"]
[SourceVersionDate "2018.02.10"]
[SourceQuality "1"]

1. d4 d6 2. Nf3 Bg4 3. e4 Nf6 4. Bd3 c6 5. c4 Nbd7 6. Nbd2 e5 7. h3 Bh5 8. Qc2
Be7 9. O-O O-O 10. Re1 Rc8 11. b3 Qc7 12. Bb2 Rfe8 13. Rac1 Bf8 14. Nh4 Bg6 15.
Nxg6 hxg6 16. Nf3 Nh5 17. g3 Qd8 18. Qd2 exd4 19. Bxd4 c5 20. Bb2 Ne5 21. Bxe5
dxe5 22. Qe3 Qf6 1/2-1/2

[Event "Gibtelecom AmatWk2 7th"]
[Site "Gibraltar"]
[Date "2009.02.03"]
[Round "3.9"]
[White "Aagedal, Geir Ole"]
[Black "Homer, Neil S"]
[Result "1-0"]
[WhiteElo "1832"]
[BlackElo "1416"]
[PlyCount "67"]
[EventDate "2009.02.01"]
[EventType "swiss"]
[EventRounds "5"]
[EventCountry "GGB"]
[SourceTitle "BritBase"]
[Source "www.saund.co.uk"]
[SourceDate "2018.02.10"]
[SourceVersion "1"]
[SourceVersionDate "2018.02.10"]
[SourceQuality "1"]

1. c4 e6 2. d4 d5 3. Nf3 Nf6 4. Bg5 Be7 5. e3 c5 6. Nc3 Nc6 7. Bxf6 Bxf6 8.
dxc5 Bxc3+ 9. bxc3 Qa5 10. Qb3 Qxc5 11. cxd5 Qxd5 12. Bc4 Qc5 13. Nd4 O-O 14.
Nxc6 Qxc6 15. O-O a6 16. Be2 e5 17. Rfd1 Be6 18. Qb4 a5 19. Qb2 Qc7 20. Bf3
Rab8 21. a4 Bd7 22. Bd5 b5 23. axb5 Rxb5 24. Qd2 g6 25. c4 Rb4 26. e4 Rfb8 27.
h3 Rb2 28. Qxa5 Qxa5 29. Rxa5 Rb1 30. Rxb1 Rxb1+ 31. Kh2 Be8 32. Ra8 Kf8 33.
Bc6 Rb6 34. Rxe8+ 1-0

[Event "Gibtelecom AmatWk2 7th"]
[Site "Gibraltar"]
[Date "2009.02.03"]
[Round "3.10"]
[White "Coats, Jon R"]
[Black "Hashimov, Gasim"]
[Result "1/2-1/2"]
[WhiteElo "1456"]
[BlackElo "1810"]
[PlyCount "97"]
[EventDate "2009.02.01"]
[EventType "swiss"]
[EventRounds "5"]
[EventCountry "GGB"]
[SourceTitle "BritBase"]
[Source "www.saund.co.uk"]
[SourceDate "2018.02.10"]
[SourceVersion "1"]
[SourceVersionDate "2018.02.10"]
[SourceQuality "1"]

1. Nf3 e6 2. c4 Nf6 3. b3 d5 4. Bb2 Be7 5. e3 c5 6. Be2 Bd7 7. O-O Nc6 8. d3
O-O 9. Nbd2 Qc7 10. d4 b6 11. cxd5 exd5 12. Rc1 Ne4 13. Ne5 f5 14. Nxd7 Qxd7
15. Bb5 Rac8 16. Nf3 Qe6 17. Bxc6 Rxc6 18. Ne5 Rc7 19. dxc5 bxc5 20. Nd3 c4 21.
Nf4 Qf7 22. Qxd5 c3 23. Qxf7+ Kxf7 24. Nd5 Rc5 25. Nxc3 Rfc8 26. Nxe4 fxe4 27.
Rxc5 Rxc5 28. Ba3 Rc2 29. Bxe7 Kxe7 30. a4 Rb2 31. g3 Rxb3 32. Rc1 Kd6 33. Rc4
a5 34. Rxe4 Rb4 35. Re8 Rxa4 36. Ra8 Ra1+ 37. Kg2 Kc6 38. Ra7 a4 39. Rxg7 Kb6
40. Rxh7 a3 41. Rh8 Kb7 42. Rh4 Kb6 43. Ra4 Kb5 44. Ra8 Kb4 45. h4 Rc1 46. Rb8+
Kc3 47. Rc8+ Kb2 48. Rb8+ Kc3 49. Rc8+ 1/2-1/2

[Event "Gibtelecom AmatWk2 7th"]
[Site "Gibraltar"]
[Date "2009.02.03"]
[Round "3.11"]
[White "Garcia Lechugo, Francisco"]
[Black "Haddock, Paul"]
[Result "0-1"]
[WhiteElo "1688"]
[BlackElo "1416"]
[PlyCount "40"]
[EventDate "2009.02.01"]
[EventType "swiss"]
[EventRounds "5"]
[EventCountry "GGB"]
[SourceTitle "BritBase"]
[Source "www.saund.co.uk"]
[SourceDate "2018.02.10"]
[SourceVersion "1"]
[SourceVersionDate "2018.02.10"]
[SourceQuality "1"]

1. d3 c5 2. c3 e6 3. Nf3 Nc6 4. Bg5 Be7 5. Qc1 Bxg5 6. Qxg5 Qxg5 7. Nxg5 d5 8.
e3 f6 9. Nf3 e5 10. d4 e4 11. Nfd2 cxd4 12. cxd4 Nge7 13. Bb5 Bd7 14. Nc3 Nb4
15. Bxd7+ Kxd7 16. Ke2 Nd3 17. f3 f5 18. fxe4 dxe4 19. Rhf1 Rac8 20. b3 Rxc3
0-1

[Event "Gibtelecom AmatWk2 7th"]
[Site "Gibraltar"]
[Date "2009.02.03"]
[Round "3.12"]
[White "Huba, Mark"]
[Black "Manetto, Luis"]
[Result "1-0"]
[WhiteElo "1320"]
[BlackElo "1602"]
[PlyCount "101"]
[EventDate "2009.02.01"]
[EventType "swiss"]
[EventRounds "5"]
[EventCountry "GGB"]
[SourceTitle "BritBase"]
[Source "www.saund.co.uk"]
[SourceDate "2018.02.10"]
[SourceVersion "1"]
[SourceVersionDate "2018.02.10"]
[SourceQuality "1"]

1. Nf3 Nf6 2. g3 d5 3. d3 e6 4. Bg2 Bb4+ 5. Bd2 Be7 6. Bf4 Nc6 7. O-O O-O 8.
Nbd2 Nh5 9. e4 Nxf4 10. gxf4 dxe4 11. dxe4 f6 12. e5 fxe5 13. fxe5 h6 14. Qe2
Nd4 15. Nxd4 Qxd4 16. c3 Qf4 17. Nf3 Bd7 18. Rad1 Bc6 19. Nd4 Bxg2 20. Kxg2 Qf7
21. Qg4 Rad8 22. Qxe6 Qxe6 23. Nxe6 Rxd1 24. Rxd1 Rf5 25. Re1 c5 26. Nc7 Bg5
27. Ne6 Be7 28. c4 Kf7 29. Nc7 Rf4 30. e6+ Kf8 31. b3 Rd4 32. Re2 a6 33. Kf3 g5
34. Nd5 h5 35. Kg2 g4 36. Re5 h4 37. Rf5+ Ke8 38. Nxe7 Kxe7 39. Rxc5 Kxe6 40.
Rh5 h3+ 41. Kg3 Kf6 42. Rd5 Re4 43. Rd2 Kf5 44. Rd5+ Kf6 45. Rd2 Kf5 46. Rd7 b5
47. cxb5 axb5 48. Rd5+ Ke6 49. Rxb5 Re2 50. a4 Re4 51. a5 1-0

[Event "Gibtelecom AmatWk2 7th"]
[Site "Gibraltar"]
[Date "2009.02.03"]
[Round "3.13"]
[White "Cramling Bellon, Anna Yolanda"]
[Black "Clayton, David"]
[Result "0-1"]
[WhiteElo "1000"]
[BlackElo "1200"]
[PlyCount "60"]
[EventDate "2009.02.01"]
[EventType "swiss"]
[EventRounds "5"]
[EventCountry "GGB"]
[SourceTitle "BritBase"]
[Source "www.saund.co.uk"]
[SourceDate "2018.02.10"]
[SourceVersion "1"]
[SourceVersionDate "2018.02.10"]
[SourceQuality "1"]

1. d4 Nf6 2. Nc3 g6 3. Bg5 Bg7 4. e4 d6 5. Bb5+ c6 6. Ba4 Qc7 7. d5 Bd7 8. a3
cxd5 9. exd5 Bxa4 10. Nxa4 Nbd7 11. Qd3 Rc8 12. O-O-O Ne5 13. Qd2 Ne4 14. Qe2
Nxg5 15. h4 Nc4 16. b3 Nxa3 17. Kd2 Nxc2 18. Rc1 Qa5+ 19. Kd1 Qxd5+ 20. Qd2
Qxd2+ 21. Kxd2 Ne4+ 22. Kd3 Nxf2+ 23. Ke2 Nxh1 24. Nf3 Ng3+ 25. Kf2 Ne4+ 26.
Kg1 O-O 27. Rd1 Ne3 28. Rd3 Rc1+ 29. Kh2 Nf1+ 30. Kh3 Nf2# 0-1

[Event "Gibtelecom AmatWk2 7th"]
[Site "Gibraltar"]
[Date "2009.02.03"]
[Round "3.14"]
[White "Chidi, Lovinia Sylvia"]
[Black "Stoop, Michael"]
[Result "1-0"]
[WhiteElo "1588"]
[BlackElo "1080"]
[PlyCount "62"]
[EventDate "2009.02.01"]
[EventType "swiss"]
[EventRounds "5"]
[EventCountry "GGB"]
[SourceTitle "BritBase"]
[Source "www.saund.co.uk"]
[SourceDate "2018.02.10"]
[SourceVersion "1"]
[SourceVersionDate "2018.02.10"]
[SourceQuality "1"]

1. e4 d5 2. exd5 Qxd5 3. Nc3 Qa5 4. d4 Nf6 5. Bd3 Bf5 6. Nf3 e6 7. O-O Be7 8.
Ne2 O-O 9. Ng3 Bxd3 10. Qxd3 Nbd7 11. c4 c6 12. Qb3 Qc7 13. Bd2 Rab8 14. Rac1
Qb6 15. Qc2 Rfd8 16. Qa4 Qa6 17. Qc2 Rbc8 18. b4 b6 19. Rfe1 Qb7 20. Qb3 Nf8
21. Bc3 Rc7 22. Rcd1 c5 23. dxc5 Rxd1 24. Rxd1 bxc5 25. b5 Rd7 26. Ne5 Rxd1+
27. Qxd1 N8d7 28. Nc6 Nb6 29. Qd3 Bf8 30. Bxf6 gxf6 31. Nh5 Qd7 1-0

[Event "Gibtelecom AmatWk2 7th"]
[Site "Gibraltar"]
[Date "2009.02.03"]
[Round "3.15"]
[White "Bath, Tom"]
[Black "Randall, David C"]
[Result "1/2-1/2"]
[WhiteElo "1192"]
[BlackElo "1576"]
[PlyCount "74"]
[EventDate "2009.02.01"]
[EventType "swiss"]
[EventRounds "5"]
[EventCountry "GGB"]
[SourceTitle "BritBase"]
[Source "www.saund.co.uk"]
[SourceDate "2018.02.10"]
[SourceVersion "1"]
[SourceVersionDate "2018.02.10"]
[SourceQuality "1"]

1. e4 c5 2. Nf3 Nc6 3. Bc4 e6 4. c3 d5 5. exd5 exd5 6. Bb3 Nf6 7. O-O Be7 8. d3
O-O 9. Bg5 h6 10. Bxf6 Bxf6 11. Nbd2 Be6 12. Re1 Qd7 13. Re3 Bf5 14. Nf1 b6 15.
Ng3 Bg6 16. d4 c4 17. Bc2 Bxc2 18. Qxc2 g6 19. Rae1 Rfe8 20. h4 Rxe3 21. Rxe3
Re8 22. Rxe8+ Qxe8 23. h5 Kg7 24. Qa4 Qe6 25. hxg6 fxg6 26. Ne5 Bxe5 27. dxe5
Nxe5 28. Qxa7+ Nf7 29. a4 h5 30. Kf1 h4 31. Ne2 h3 32. gxh3 Qxh3+ 33. Ke1 Qe6
34. Kf1 Qh3+ 35. Kg1 Qg4+ 36. Kf1 Qh3+ 37. Kg1 Qg4+ 1/2-1/2

[Event "Gibtelecom AmatWk2 7th"]
[Site "Gibraltar"]
[Date "2009.02.03"]
[Round "3.16"]
[White "Foran, Barry"]
[Black "Poggio, Freddie"]
[Result "1/2-1/2"]
[WhiteElo "1285"]
[BlackElo "1544"]
[PlyCount "80"]
[EventDate "2009.02.01"]
[EventType "swiss"]
[EventRounds "5"]
[EventCountry "GGB"]
[SourceTitle "BritBase"]
[Source "www.saund.co.uk"]
[SourceDate "2018.02.10"]
[SourceVersion "1"]
[SourceVersionDate "2018.02.10"]
[SourceQuality "1"]

1. d4 Nf6 2. Nf3 g6 3. Nc3 Bg7 4. e4 d6 5. Be3 O-O 6. Qd2 Ng4 7. Bg5 f6 8. Bf4
e5 9. Bc4+ Kh8 10. Bg3 Nc6 11. h3 exd4 12. Ne2 Nge5 13. Bb3 Nxf3+ 14. gxf3 Ne5
15. Nxd4 c5 16. Bxe5 dxe5 17. Ne6 Qxd2+ 18. Kxd2 Bh6+ 19. Ke2 Bxe6 20. Bxe6
Rad8 21. Rad1 Bf4 22. Rd5 Rxd5 23. exd5 Rd8 24. c4 Rd6 25. b3 Kg7 26. Kd3 Ra6
27. a4 Rb6 28. Kc3 a5 29. Bc8 e4 30. fxe4 Be5+ 31. Kc2 g5 32. Bf5 Rd6 33. h4 h6
34. hxg5 fxg5 35. Rh3 b6 36. Be6 Bf4 37. Kd3 Kg6 38. Bf5+ Kg7 39. Ke2 Rf6 40.
Be6 Kf8 1/2-1/2

[Event "Gibtelecom AmatWk2 7th"]
[Site "Gibraltar"]
[Date "2009.02.03"]
[Round "3.18"]
[White "Cox, Marian"]
[Black "Hannan, Peter"]
[Result "0-1"]
[WhiteElo "1192"]
[BlackElo "1680"]
[PlyCount "88"]
[EventDate "2009.02.01"]
[EventType "swiss"]
[EventRounds "5"]
[EventCountry "GGB"]
[SourceTitle "BritBase"]
[Source "www.saund.co.uk"]
[SourceDate "2018.02.10"]
[SourceVersion "1"]
[SourceVersionDate "2018.02.10"]
[SourceQuality "1"]

1. e4 e5 2. Nf3 d6 3. Bc4 Nc6 4. c3 f5 5. d3 Be7 6. Nbd2 Nf6 7. Ng5 d5 8. exd5
Nxd5 9. Ndf3 h6 10. Nh3 Bf6 11. Bd2 Be6 12. Qb3 Na5 13. Qa4+ Nc6 14. Qb3 Qd7
15. Bxd5 Bxd5 16. c4 Bxf3 17. gxf3 O-O-O 18. Qa4 Qxd3 19. Be3 a6 20. Rd1 Qxd1+
21. Qxd1 Rxd1+ 22. Kxd1 Rd8+ 23. Kc1 Nd4 24. f4 e4 25. b3 c5 26. Rd1 Nf3 27.
Rh1 b6 28. Kc2 Kc7 29. a4 Nd4+ 30. Bxd4 cxd4 31. Rd1 Kc6 32. b4 Rb8 33. Kb3 a5
34. b5+ Kc5 35. Ng1 d3 36. h3 Bh4 37. Rd2 Rd8 38. Kc3 Rd4 39. f3 Be1 40. fxe4
Rxc4+ 41. Kxd3 Rd4+ 42. Ke3 Bxd2+ 43. Kf3 Rxe4 44. Ne2 Rxa4 0-1

[Event "Gibtelecom AmatWk2 7th"]
[Site "Gibraltar"]
[Date "2009.02.03"]
[Round "3.19"]
[White "Socko, Weronika"]
[Black "Feeney, James"]
[Result "0-1"]
[WhiteElo "1600"]
[BlackElo "1080"]
[PlyCount "92"]
[EventDate "2009.02.01"]
[EventType "swiss"]
[EventRounds "5"]
[EventCountry "GGB"]
[SourceTitle "BritBase"]
[Source "www.saund.co.uk"]
[SourceDate "2018.02.10"]
[SourceVersion "1"]
[SourceVersionDate "2018.02.10"]
[SourceQuality "1"]

1. e4 e5 2. Nf3 Nc6 3. Bc4 Nf6 4. Nc3 Be7 5. O-O d6 6. d4 exd4 7. Nxd4 O-O 8.
Be3 Ne5 9. Be2 c5 10. Nf3 Nfd7 11. Nd5 Nxf3+ 12. Bxf3 Ne5 13. Be2 Be6 14. Re1
a6 15. b3 b5 16. c4 Bxd5 17. exd5 b4 18. Bf4 Bf6 19. Rb1 Ng6 20. Bg3 Bc3 21.
Rf1 f5 22. f3 Qf6 23. Bf2 f4 24. Be1 Qd4+ 25. Qxd4 Bxd4+ 26. Bf2 Bc3 27. Rfc1
Ne7 28. a3 a5 29. g4 fxg3 30. Bxg3 Rad8 31. h4 Nf5 32. Bf2 Rde8 33. Kf1 Ne3+
34. Bxe3 Rxe3 35. Kf2 Rfe8 36. Rc2 Bd4 37. Kf1 R8e5 38. a4 Rh5 39. f4 Rxh4 40.
Kg2 Rxf4 41. Bf1 Rg4+ 42. Kh1 Rgg3 43. Kh2 Be5 44. Kh1 Rxb3 45. Rxb3 Rxb3 46.
Ra2 Rb1 0-1

[Event "Gibtelecom AmatWk2 7th"]
[Site "Gibraltar"]
[Date "2009.02.03"]
[Round "3.20"]
[White "Cox, Reginald"]
[Black "Yarur Elsaca, Daniel"]
[Result "1-0"]
[WhiteElo "1088"]
[BlackElo "1805"]
[PlyCount "51"]
[EventDate "2009.02.01"]
[EventType "swiss"]
[EventRounds "5"]
[EventCountry "GGB"]
[SourceTitle "BritBase"]
[Source "www.saund.co.uk"]
[SourceDate "2018.02.10"]
[SourceVersion "1"]
[SourceVersionDate "2018.02.10"]
[SourceQuality "1"]

1. e4 b6 2. d4 Bb7 3. Bd3 d5 4. e5 Nc6 5. Nf3 Nb4 6. Be2 e6 7. c3 Nc6 8. Bb5 a6
9. Ba4 b5 10. Bc2 f6 11. Bf4 fxe5 12. Nxe5 Nxe5 13. Bxe5 Nf6 14. O-O Bd6 15.
Bxd6 Qxd6 16. Re1 O-O 17. Nd2 c5 18. Nf3 Ng4 19. Bxh7+ Kh8 20. h3 Rxf3 21. hxg4
Rf6 22. g5 Rxf2 23. Qh5 g6 24. Bxg6+ Kg8 25. Qh7+ Kf8 26. Rf1 1-0

[Event "Gibtelecom AmatWk2 7th"]
[Site "Gibraltar"]
[Date "2009.02.03"]
[Round "3.22"]
[White "Benson, Nicola"]
[Black "Correa Vargas, Luis"]
[Result "1/2-1/2"]
[WhiteElo "813"]
[BlackElo "1192"]
[PlyCount "82"]
[EventDate "2009.02.01"]
[EventType "swiss"]
[EventRounds "5"]
[EventCountry "GGB"]
[SourceTitle "BritBase"]
[Source "www.saund.co.uk"]
[SourceDate "2018.02.10"]
[SourceVersion "1"]
[SourceVersionDate "2018.02.10"]
[SourceQuality "1"]

1. d4 d5 2. Nf3 Nc6 3. e3 Nf6 4. Bd3 Bg4 5. h3 Bh5 6. Nbd2 e6 7. b3 Bd6 8. Bb2
Qe7 9. c4 Nb4 10. Be2 dxc4 11. Nxc4 Bg6 12. O-O Bc2 13. Qc1 Bd3 14. Bxd3 Nxd3
15. Nxd6+ Qxd6 16. Qc2 Nxb2 17. Qxb2 O-O 18. Rac1 c6 19. Qc2 Rac8 20. Qd3 Rc7
21. e4 Nh5 22. Ne5 Nf4 23. Qe3 Ng6 24. Ng4 Qf4 25. Qe2 Rd8 26. g3 Qd6 27. Rfd1
Rcd7 28. Rc4 b5 29. Rc5 Qc7 30. d5 exd5 31. exd5 Rxd5 32. Rdxd5 Rxd5 33. Qe8+
Nf8 34. Rxc6 Qd7 35. Qxd7 Rxd7 36. Ra6 f6 37. Kg2 Ng6 38. Ne3 Ne7 39. Nc2 Rc7
40. Nb4 Kf7 41. Ra5 Rb7 1/2-1/2

[Event "Gibtelecom AmatWk2 7th"]
[Site "Gibraltar"]
[Date "2009.02.03"]
[Round "3.23"]
[White "Ruiz, Jose Mari"]
[Black "Vargas Salgado, Raul"]
[Result "0-1"]
[WhiteElo "700"]
[BlackElo "1156"]
[PlyCount "52"]
[EventDate "2009.02.01"]
[EventType "swiss"]
[EventRounds "5"]
[EventCountry "GGB"]
[SourceTitle "BritBase"]
[Source "www.saund.co.uk"]
[SourceDate "2018.02.10"]
[SourceVersion "1"]
[SourceVersionDate "2018.02.10"]
[SourceQuality "1"]

1. e4 c5 2. Bc4 Nc6 3. Nc3 Nf6 4. Nf3 g6 5. d3 Bg7 6. Be3 d6 7. O-O O-O 8. Nd5
Nxd5 9. exd5 Na5 10. Rb1 Nxc4 11. dxc4 Bg4 12. h3 Bf5 13. g4 Be4 14. Ng5 f5 15.
Ne6 Qe8 16. Nxf8 Qxf8 17. gxf5 Qxf5 18. f3 Bxc2 19. Qd2 Bxb1 20. Qa5 Qe5 21.
Re1 Qg3+ 22. Kh1 Qxh3+ 23. Kg1 Qg3+ 24. Kh1 Qxf3+ 25. Kg1 Be4 26. Rf1 Qg2# 0-1

[Event "Gibtelecom AmatWk2 7th"]
[Site "Gibraltar"]
[Date "2009.02.04"]
[Round "4.2"]
[White "Bishop, Geoffrey L"]
[Black "Elhadad, Oussama"]
[Result "0-1"]
[WhiteElo "1616"]
[BlackElo "1700"]
[PlyCount "72"]
[EventDate "2009.02.01"]
[EventType "swiss"]
[EventRounds "5"]
[EventCountry "GGB"]
[SourceTitle "BritBase"]
[Source "www.saund.co.uk"]
[SourceDate "2018.02.10"]
[SourceVersion "1"]
[SourceVersionDate "2018.02.10"]
[SourceQuality "1"]

1. e4 d6 2. d4 Nf6 3. Nc3 Nbd7 4. f4 e5 5. Nf3 Qe7 6. Bc4 h6 7. O-O Nb6 8. Bb3
exd4 9. Qxd4 Bd7 10. e5 dxe5 11. fxe5 Nh7 12. Be3 O-O-O 13. Nd5 Nxd5 14. Bxd5
Bc6 15. Qg4+ Bd7 16. e6 fxe6 17. Bb3 Nf6 18. Qc4 a6 19. Rad1 Nd5 20. Bf2 Bb5
21. Qg4 h5 22. Qe4 Bxf1 23. Rxf1 Kb8 24. Ne5 Rh6 25. c4 Nf6 26. Qe3 c5 27. Bg3
Ka8 28. Ba4 Ng4 29. Qe4 Rd4 30. Qe2 Rf6 31. Re1 g5 32. Nxg4 Rxg4 33. Qe5 Qd8
34. Rd1 Rd4 35. Re1 Bd6 36. Qxg5 Rf1+ 0-1

[Event "Gibtelecom AmatWk2 7th"]
[Site "Gibraltar"]
[Date "2009.02.04"]
[Round "4.3"]
[White "Livesey, R Nigel"]
[Black "Garcia, Mario"]
[Result "1-0"]
[WhiteElo "1744"]
[BlackElo "1663"]
[PlyCount "71"]
[EventDate "2009.02.01"]
[EventType "swiss"]
[EventRounds "5"]
[EventCountry "GGB"]
[SourceTitle "BritBase"]
[Source "www.saund.co.uk"]
[SourceDate "2018.02.10"]
[SourceVersion "1"]
[SourceVersionDate "2018.02.10"]
[SourceQuality "1"]

1. c4 Nf6 2. g3 d6 3. Bg2 g6 4. Nc3 Bg7 5. e4 Be6 6. Nge2 Nc6 7. d3 a6 8. O-O
O-O 9. h3 Rb8 10. a4 Qc8 11. Kh2 Bd7 12. Be3 e5 13. Qd2 Nd4 14. Nxd4 exd4 15.
Bxd4 Nxe4 16. dxe4 Be6 17. Nd5 Qd8 18. Bxg7 Kxg7 19. Qc3+ f6 20. a5 Qd7 21.
Rad1 Qf7 22. b3 Rbd8 23. Rd2 g5 24. Ne3 Qd7 25. Rfd1 Qf7 26. Nf5+ Kg6 27. Qf3
h5 28. Qd3 Bc8 29. Nd4 Kg7 30. Qc3 Rfe8 31. Nf5+ Kg6 32. c5 Qf8 33. cxd6 cxd6
34. Rxd6 Rxd6 35. Rxd6 Kh7 36. Rxf6 1-0

[Event "Gibtelecom AmatWk2 7th"]
[Site "Gibraltar"]
[Date "2009.02.04"]
[Round "4.4"]
[White "Rough, Robert E"]
[Black "Aagedal, Geir Ole"]
[Result "0-1"]
[WhiteElo "1607"]
[BlackElo "1832"]
[PlyCount "94"]
[EventDate "2009.02.01"]
[EventType "swiss"]
[EventRounds "5"]
[EventCountry "GGB"]
[SourceTitle "BritBase"]
[Source "www.saund.co.uk"]
[SourceDate "2018.02.10"]
[SourceVersion "1"]
[SourceVersionDate "2018.02.10"]
[SourceQuality "1"]

1. d4 Nf6 2. Bf4 d5 3. e3 Bf5 4. Nf3 Nbd7 5. Nbd2 Nh5 6. Bg3 Nxg3 7. hxg3 Bg4
8. Be2 Nf6 9. Ne5 Bxe2 10. Qxe2 e6 11. Qb5+ Nd7 12. Nxd7 Qxd7 13. Qxb7 Qc8 14.
Qxc8+ Rxc8 15. Ke2 c5 16. c3 a5 17. dxc5 Rxc5 18. Nf3 f6 19. Rac1 Rb5 20. Rb1
e5 21. Rhc1 g5 22. c4 dxc4 23. Rxc4 Kf7 24. g4 Ke6 25. b3 Rd5 26. Rd1 Bb4 27.
Rxd5 Kxd5 28. Ne1 h5 29. gxh5 Rxh5 30. Nd3 Rh4 31. Rxh4 gxh4 32. Nxb4+ axb4 33.
Kf3 f5 34. e4+ Ke6 35. exf5+ Kxf5 36. Ke3 e4 37. f3 exf3 38. Kxf3 Kg5 39. Ke3
Kg4 40. Kf2 Kf4 41. Ke2 Ke4 42. Kd2 Kd4 43. Ke2 Kc3 44. Kf3 Kb2 45. Kg4 Kxa2
46. Kxh4 Kxb3 47. g4 Ka3 0-1

[Event "Gibtelecom AmatWk2 7th"]
[Site "Gibraltar"]
[Date "2009.02.04"]
[Round "4.5"]
[White "Escandell Atienza, Santiago"]
[Black "O'Connell, Denis"]
[Result "0-1"]
[WhiteElo "1485"]
[BlackElo "1698"]
[PlyCount "60"]
[EventDate "2009.02.01"]
[EventType "swiss"]
[EventRounds "5"]
[EventCountry "GGB"]
[SourceTitle "BritBase"]
[Source "www.saund.co.uk"]
[SourceDate "2018.02.10"]
[SourceVersion "1"]
[SourceVersionDate "2018.02.10"]
[SourceQuality "1"]

1. e4 d5 2. exd5 Nf6 3. d4 Bg4 4. Nf3 Qxd5 5. Be2 Nc6 6. c4 Qf5 7. h3 Bxf3 8.
Bxf3 Qd7 9. Be3 O-O-O 10. Qb3 e6 11. Nc3 Na5 12. Qb5 Qxb5 13. Nxb5 Bb4+ 14. Ke2
a6 15. Na3 Bxa3 16. bxa3 Nxc4 17. Rab1 Nd5 18. Rb3 Na5 19. Bxd5 Rxd5 20. Rc3
Nc6 21. Rhc1 Rhd8 22. Kf1 R8d7 23. Rc4 Nxd4 24. Ke1 e5 25. a4 f5 26. R1c3 f4
27. Bc1 g5 28. f3 Nf5 29. Kf2 Ng3 30. Rc5 Rd1 0-1